Sienna - The Marias - Statistics

General Stats
  • This quiz has been taken 103 times
  • The average score is 159 of 200
Answer Stats
Hint Answer % Correct
like
98%
Like
98%
look
98%
See
98%
Sienna
98%
you
98%
you,
98%
a
96%
be
96%
Be
96%
I
96%
just
96%
the
95%
Would
95%
to
93%
been
91%
by
91%
cute
91%
in
91%
on
91%
On
91%
your
91%
did
89%
with
89%
Bridge With
89%
Would've
89%
all
87%
And
87%
cold
87%
Hear
87%
freezing
85%
her
85%
me
85%
me,
85%
rooftop
85%
we
85%
when
85%
before
84%
go
84%
I'll
84%
lay
84%
temper
82%
clothes
80%
Jumpin'
80%
love
80%
around
78%
feel
78%
Chorus Ooh,
78%
pool
78%
so
78%
sunset,
78%
here
76%
not
76%
Verse 1 Please
76%
wearin'
76%
always
75%
can
75%
run
75%
Sing
75%
song
75%
tell
75%
watch
75%
way
75%
yours
75%
long
73%
sang
71%
under
71%
December
69%
sensitive
69%
We've
69%
eyelids
67%
Jones
67%
live
67%
then
67%
of
65%
tomorrow
65%
had
64%
it
64%
close
62%
held
62%
winter,
62%
Norah
60%
pets
60%
smile
60%
think
60%
times
60%
wait
60%
clear
58%
out
58%
water,
58%
crystal
56%
door
56%
beach
55%
Down
55%
outside
55%
seen,
55%
disappears
53%
up
53%
waves
53%
were
53%
my
51%
stairs
51%
came
49%
face
49%
good
49%
clean
47%
hair
47%
through
47%
corner,
45%
goin'
45%
mad
45%
Only
45%
Comin'
44%
creak
44%
floorboards,
44%
forest,
44%
pullin'
44%
feels
40%
this
4%
No matching quizzes found
Score Distribution
Percent of People with Each Score
Percentile by Number Answered
Your Score History
You have not taken this quiz